Non ci lasceremo mai /

Enregistré dans:
Détails bibliographiques
Auteur principal: Tuzi, Federica (Auteur)
Format: Livre
Langue:italien
Publié: Roma : Fandango Libri, 2022
Collection:Weird Young
Tags: Ajouter un tag
Pas de tags, Soyez le premier à ajouter un tag!

MARC

LEADER 00000nam a22000007i 4500
001 IT\ICCU\MOD\1744181
003 ItRI
005 20260115232120.0
008 220901s2022 it |||||| ||||| |||||c
020 |a 9788860448491 
040 |b ita  |c importazione bologna sebina 
041 7 |a ita  |2 ISO-639-2 
082 |a 853.92  |9 NARRATIVA ITALIANA, 2000-  |2 23 
100 1 |a Tuzi, Federica  |0 IT\ICCU\UBOV\948873  |4 aut 
240 1 0 |a Non ci lasceremo mai  |3 IT\ICCU\MOD\1744183  |9 Tuzi, Federica 
245 1 0 |a Non ci lasceremo mai /  |c Federica Tuzi. 
260 |a Roma :  |b Fandango Libri,  |c 2022 
300 |a 311 p. ;  |c 21 cm 
500 |a In copertina: Romanzo 
830 0 |a Weird Young  |0 IT\ICCU\TO1\0034438 
942 |2 ddc  |c BK  |n 0 
952 |0 0  |1 0  |4 0  |6 R_853_920000000000000_TUZ  |7 0  |9 20313  |a BO  |b BO  |d 2026-01-15  |i 20341  |l 0  |o R 853.92 TUZ  |p BO20341  |r 2026-01-15 23:21:20  |w 2026-01-15  |x [Sebina 5] [1 v.]  |y BK  |z 1 v. 
999 |c 17330  |d 17330